Drainage:an annotated guide to books and journals

Сохранить в:
Библиографические подробности
Главный автор: G Naber
Формат:
Язык:Undetermined
Опубликовано: The Netherland ILRI 1984
Предметы:
Метки: Добавить метку
Нет меток, Требуется 1-ая метка записи!
Thư viện lưu trữ: Trung tâm Học liệu Trường Đại học Cần Thơ
LEADER 00486nam a2200181Ia 4500
001 CTU_38540
008 210402s9999 xx 000 0 und d
082 |a 631.62 
082 |b N115 
100 |a G Naber 
245 0 |a Drainage:an annotated guide to books and journals 
245 0 |c G Naber 
260 |a The Netherland 
260 |b ILRI 
260 |c 1984 
650 |a bibliographies,drainage 
904 |i Liên, 990423 
980 |a Trung tâm Học liệu Trường Đại học Cần Thơ